Beijing Capital International Airport Destinations (Beijing, China) - Statistics

General Stats
  • This quiz has been taken 175 times
    79 since last reset
  • The average score is 115 of 230
Answer Stats
Airline Destination % Correct
Air China/Cathay Pacific/Hong Kong Airlines Hong Kong
98%
Air China/Asiana Airlines/Korean Air Seoul (Gimpo)
98%
Air China/Asiana Airlines/Korean Air Seoul (Incheon)
98%
Air China/Singapore Airlines Singapore
98%
Air China/Hainan Airlines/Thai Airways International Bangkok (Suvarnabhumi)
96%
Air China/Egyptair/Sichuan Airlines Cairo
96%
Air China/Vietnam Airlines Hanoi
96%
Air China/Turkish Airlines Istanbul
96%
Air China/United Airlines Los Angeles
96%
Air China/Philippine Airlines Manila
96%
Air China/China Airlines/EVA Air/Hainan Airlines Taipei (Taoyuan)
96%
Ethiopian Airlines Addis Ababa
93%
Air China/Vietnam Airlines Ho Chi Minh City
93%
Air China Kuala Lumpur (International)
93%
Air China New York (JFK)
93%
Air China/All Nippon Airways/Hainan Airlines/Shenzhen Airlines Osaka (Kansai)
93%
Air China/United Airlines San Francisco
93%
Air Algérie Algiers
91%
KLM Amsterdam
91%
Air China Astana
91%
Iraqi Airways Baghdad
91%
Air China/Korean Air Busan
91%
United Airlines Chicago (O'Hare)
91%
Air China/Hainan Airlines/Shandong Airlines/Sichuan Airlines Chongqing
91%
Air China/Scandinavian Airlines Copenhagen
91%
Air China/Emirates Dubai (International)
91%
Air China London (Gatwick)
91%
Air China London (Heathrow)
91%
Air China Melbourne
91%
Air China Sydney
91%
Air China/All Nippon Airways/Hainan Airlines/Japan Airlines Tokyo (Haneda)
91%
Air China/Hainan Airlines/Spring Airlines Japan Tokyo (Narita)
91%
Air Canada/Hainan Airlines Toronto (Pearson)
91%
Air China/MIAT Mongolian AIrlines Ulaanbaatar
91%
Azerbaijan Airlines Baku
89%
Air China/Hainan Airlines/Shenzhen Airlines Guangzhou
89%
Air China Madrid
89%
Air China/China Eastern Airlines/Hainan Airlines Shanghai (Hongqiao)
89%
Air China/Hainan Airlines Shanghai (Pudong)
89%
Air China/Uzbekistan Airways Tashkent
89%
Air Canada/Air China Vancouver
89%
Air China/Dalian Airlines/Hainan Airlines Xi'an
89%
Air Astana/Air China Almaty
87%
SriLankan Airlines Colombo (Bandaranaike)
87%
Air China Frankfurt
87%
Air China Jakarta (Soekarno-Hatta)
87%
Air China/Hainan Airlines Moscow (Sheremetyevo)
87%
Air China/Air France Paris (Charles de Gaulle)
87%
Air China Rome (Fiumicino)
87%
Air China/Hainan Airlines/Shenzhen Airlines Shenzhen
87%
Mahan Air Tehran (Imam Khomeini)
87%
Air China/Hainan Airlines/Sichuan Airlines/Tibet Airlines Chengdu (Shuangliu)
85%
Air China/Shenzhen Airlines/Sichuan Airlines Chengdu (Tianfu)
85%
Air China/Pakistan International Airlines Islamabad
85%
Air China/Jeju Air/Korean Air Jeju
85%
Air Macau Macau
85%
Maldivian Malé
85%
Air China/Lufthansa Munich
85%
Air Koryo Pyongyang
85%
Hainan Airlines Seattle/Tacoma
85%
Air China Stockholm (Arlanda)
85%
Air China/Hainan Airlines Wuhan
85%
Air China/Air China Inner Mongolia/Dalian Airlines/Hainan Airlines/Shandong Airlines Xiamen
85%
Turkmenistan Airlines Ashgabat
83%
Air China Auckland
83%
Air China Karachi
83%
Air China/Hainan Airlines/Sichuan Airlines Ürümqi
83%
Air China Dali
80%
Air China Milan (Malpensa)
80%
Air China Vienna
80%
Air China Barcelona
78%
Air China/Dalian Airlines/Hainan Airlines Dalian
78%
Hainan Airlines Oslo
78%
Air China/Fuzhou Airlines/Hainan Airlines/Shandong Airlines Fuzhou
76%
Air China/Shenzhen Airlines Nagoya (Centrair)
76%
Hainan Airlines Saint Petersburg
76%
Air China Warsaw (Chopin)
76%
Hainan Airlines Berlin
74%
Air China/Hainan Airlines/Kunming Airlines/Lucky Air/Sichuan Airlines Kunming
74%
Hainan Airlines Mexico City
74%
Air China Riyadh
74%
Air China Washington (Dulles)
74%
Hainan Airlines Boston
72%
Hainan Airlines Brussels
72%
Air China Budapest
72%
Air China/Hainan Airlines/Loong Air/Shandong Airlines Hangzhou
72%
Air China/Grand China Air/Hainan Airlines Harbin
72%
Air China/Tibet Airlines Lhasa
72%
Air China/Cambodia Angkor Air Phnom Penh
72%
Air China/Hainan Airlines Phuket
72%
Air China Sapporo (Chitose)
72%
Air China Zhengzhou
72%
Air China Athens
70%
Air China/Hainan Airlines Changsha
70%
Air China Nanjing
70%
Air China/Shandong Airlines Qingdao
70%
Air China Fukuoka
67%
Hainan Airlines Prague
67%
Air China Shenyang
67%
China Airlines Kaohsiung
65%
Air China/Hainan Airlines Vladivostok
65%
Air China Dhaka
63%
Air China Geneva
63%
Air China Yangon
63%
Hainan Airlines Manchester
61%
Hainan Airlines Tel Aviv
61%
Air China Chiang Mai
59%
Hainan Airlines Dublin
59%
Air China Johannesburg (O.R. Tambo)
59%
Air China/Hainan Airlines Haikou
57%
Air China Hiroshima
57%
Air China/Hainan Airlines/Shenzhen Airlines Nanning
57%
Air China/Air China Inner Mongolia/Dalian Airlines Ningbo
57%
Shandong Airlines Jinan
54%
Air China Hefei
52%
Iraqi Airways Basra
50%
Air China/Hainan Airlines Lanzhou
50%
Air China Naha
50%
Air China São Paulo (Guarulhos)
50%
Air China/Hainan Airlines Wenzhou
50%
Shenzhen Airlines Wuxi
50%
Hainan Airlines Edinburgh
48%
Air China Minsk
48%
Air China Taiyuan
48%
Air China Changchun
46%
Hainan Airlines Belgrade
43%
Air China Hohhot
43%
Air China/Hainan Airlines/Sichuan Airlines Sanya
43%
Air China Havana
41%
Air China/Hainan Airlines Guiyang
39%
Air China/Hainan Airlines/Jiangxi Air Nanchang
39%
Vietnam Airlines Nha Trang
37%
Air China/Hainan Airlines Irkutsk
35%
Air China/Shandong Airlines Zhuhai
35%
Air China/Grand China Air Yinchuan
33%
Air China Changzhou
30%
Air China Qiqihar
28%
Air China/Shandong Airlines Guilin
26%
Shenzhen Airlines Quanzhou
26%
Air China Dandong
24%
Air China Huizhou
24%
Hainan Airlines Tijuana
24%
Air China/Shandong Airlines Yantai
24%
Air China Daqing
22%
Air China/Hainan Airlines/Sichuan Airlines Kashgar
22%
Air China/Shenzhen Airlines Nantong
22%
Air China Zhangjiajie
22%
Hainan Airlines Jixi
20%
Air China Ordos
20%
Air China Taizhou
20%
Air China Yangzhou
20%
Hainan Airlines Yulin (Guangxi)
20%
Hainan Airlines Yulin (Shaanxi)
20%
Air China Beihai
17%
Air China Hotan
17%
Air China Karamay
17%
Air China/Shandong Airlines Weihai
17%
Air China Zhanjiang
17%
Air China Aksu
15%
Air China Huangshan
15%
Air China/Hainan Airlines Jiamusi
15%
Air China Lijiang
15%
Air China Liuzhou
15%
Grand China Air Manzhouli
15%
Air China Mudanjiang
15%
Air China Shangrao
15%
Air China Xining
15%
Air China Yancheng
15%
Air China/Hainan Airlines Yichang
15%
Air China Yiwu
15%
Air China Zunyi (Maotai)
15%
Hainan Airlines Altay
13%
Grand China Air Anqing
13%
Air China Dunhuang
13%
Air China/Grand China Air Hailar
13%
Air China Hengyang
13%
Air China Jieyang
13%
Air China Jingdezhen
13%
Grand China Air Jiujiang
13%
Air China Lianyungang
13%
Air China/Sichuan Airlines Mianyang
13%
Sichuan Airlines Panzhihua
13%
Hainan Airlines Qionghai
13%
Air China Shiyan
13%
Air China Tonghua
13%
Sichuan Airlines Wanzhou
13%
Hainan Airlines Wuhai
13%
Sichuan Airlines Wuyishan
13%
Hainan Airlines/Sichuan Airlines Xishuangbanna
13%
Air China/Hainan Airlines Yan'an
13%
Air China Yanji
13%
Shenzhen Airlines Yichun (Jiangxi)
13%
Air China Yuncheng
13%
Air China Bayannur
11%
Air China Dazhou
11%
Hainan Airlines Dongying
11%
Air China Fuyang
11%
Air China Ganzhou
11%
Air China Guangyuan
11%
Air China Hami
11%
Air China Liupanshui
11%
Air China Tongliao
11%
Shenzhen Airlines Xiangyang
11%
Air China/Sichuan Airlines Xichang
11%
Air China/Sichuan Airlines Yibin
11%
Air China Yining
11%
Air China Chita
9%
Air China Linfen
9%
Shandong Airlines Nanyang
9%
Air China Nyingchi
9%
Air China Quzhou
9%
Air China Shaoyang
9%
Air China Xilinhot
9%
Hainan Airlines Yueyang
9%
Hainan Airlines Zhangye
9%
Sichuan Airlines Zhongwei
9%
Air China Changzhi
7%
Hainan Airlines Holingol
7%
Air China Jinggangshan
7%
Air China Korla
7%
Hainan Airlines Langzhong
7%
Air China Lüliang
7%
Air China Ulanhot
7%
Air China Fuyuan
4%
Hainan Airlines Longnan
4%
Air China Songyuan
4%
Air China Suifenhe
4%
Air China Tumxuk
4%
Air China Jiansanjiang
2%
Hainan Airlines Qianjiang
2%
No matching quizzes found
Score Distribution
Percent of People with Each Score
Percentile by Number Answered
Your Score History
You have not taken this quiz since the last reset